Komplexní analýza trhu jako východisko úvah o zaměření podniku

Analýza kooperačných reťazcov. Analýza konkurenčného prostredia. Oligopolná konkurencia. Prevaha ponuky nad dopytom. Globalizácia trhu. Analýza ostatných častí trhu. Transformácia poznatkov analýzy.

Enregistré dans:
Détails bibliographiques
Auteur principal: Smrčka, Jaroslav
Format: Chapitre de livre
Langue:tchèque
Sujets:
Tags: Ajouter un tag
Pas de tags, Soyez le premier à ajouter un tag!

MARC

LEADER 00000naa a2200000 4500
001 r035153
005 20231002100042.6
041 0 |a cze 
044 |a CZ 
245 1 0 |a Komplexní analýza trhu jako východisko úvah o zaměření podniku  |c Jaroslav Smrčka 
520 |a Analýza kooperačných reťazcov. Analýza konkurenčného prostredia. Oligopolná konkurencia. Prevaha ponuky nad dopytom. Globalizácia trhu. Analýza ostatných častí trhu. Transformácia poznatkov analýzy. 
610 2 0 |a analýza trhu 
610 2 0 |a podnik 
610 2 0 |a kooperácia 
610 2 0 |a konkurencia 
610 2 0 |a stimulovanie ekonomické 
610 2 0 |a dopyt 
610 2 0 |a ponuka 
610 2 0 |a globalizácia 
610 2 0 |a oligopoly 
610 2 0 |a transformácia 
100 1 |a Smrčka, Jaroslav